| 000 | 00892nam0a22002651 4500 | ||
|---|---|---|---|
| 001 | rc\3045257 | ||
| 005 | 20250810062313.0 | ||
| 035 | _a(NLR Aleph) 007185065 | ||
| 090 |
_a7481181 _c7481181 |
||
| 100 | _a20111007d1944 u y0rusy50 ca | ||
| 101 | 0 | _arus | |
| 102 | _aRU | ||
| 105 | _ay z ||||| | ||
| 200 | 1 | _aТуляремийная вирус-вакцина, ее получение и применение | |
| 210 |
_aИркутск _cБ. и. _d1944 |
||
| 215 | _a87 с. | ||
| 300 | _aИсточник: Иванов, лист. С. 774, № 25650. Имеется в б-ке ВМР | ||
| 700 | 1 |
_aГайский _bН.А. _f1884-1947 _gНиколай Акимович |
|
| 801 | 0 |
_aRU _bNLR _gpsbo |
|
| 801 | 1 |
_aRU _bELAR _2rusmarc |
|
| 852 |
_aNLR _jDesideratum |
||
| 942 | _cBOOK | ||
| 945 | _aРоссийская национальная библиотека | ||
| 980 | _aNB | ||
| 980 | _aBV | ||